[Event "Ste-Foy - Petrossian"]
[Site "Ste-Foy CAN"]
[Date "2018.05.05"]
[Round "5"]
[White "Gingras, Philippe"]
[Black "Pare, Marc"]
[Result "0-1"]
[WhiteElo "1889"]
[BlackElo "2038"]
[PlyCount "68"]
[EventDate "2018.04.07"]
[EventType "swiss"]
[EventRounds "5"]
[EventCountry "CAN"]

1. d4 Nf6 2. Bg5 d5 3. Bxf6 exf6 4. e3 Bd6 5. c4 dxc4 6. Bxc4 O-O 7. Nf3 Bg4 8.
Nbd2 Nd7 9. O-O c6 10. Rc1 Rc8 11. Re1 Nb6 12. Bf1 Re8 13. g3 f5 14. Bg2 Nd5
15. Nc4 Bb8 16. a4 a5 17. Qb3 Nb4 18. Nxa5 Qxa5 19. Rc5 Qa6 20. Qxb4 Bd6 21.
Qb3 Bxc5 22. dxc5 Rcd8 23. Qb4 Rd7 24. Nd4 Qd3 25. Bf1 Qe4 26. Rc1 Bf3 27. Qc3
f4 28. Bd3 Qd5 29. Bc4 Qh5 30. exf4 Bd5 31. Bxd5 Qxd5 32. Nf3 Rde7 33. b4 Re4
34. Ne5 Rd4 0-1

[Event "Ste-Foy - Polgar"]
[Site "Ste-Foy CAN"]
[Date "2018.05.12"]
[Round "1"]
[White "Cummins, Paul"]
[Black "Stoyanova, Stela"]
[Result "1/2-1/2"]
[WhiteElo "1764"]
[BlackElo "1548"]
[PlyCount "57"]
[EventDate "2018.05.12"]
[EventType "swiss"]
[EventRounds "5"]
[EventCountry "CAN"]

1. e4 e6 2. d4 d5 3. Nd2 dxe4 4. Nxe4 Nf6 5. Bg5 Be7 6. Bxf6 Bxf6 7. Nf3 a6 8.
c3 Nc6 9. Qd2 h6 10. O-O-O b5 11. h4 Qd5 12. Nxf6+ gxf6 13. Kb1 Rb8 14. Bd3 Ke7
15. Rhe1 b4 16. c4 Qh5 17. Qf4 Qa5 18. d5 b3 19. a3 Nb4 20. Be4 Rd8 21. dxe6
Bxe6 22. Qe3 Nc2 23. Bxc2 bxc2+ 24. Kxc2 Qf5+ 25. Kc1 Qa5 26. b4 Rxb4 27. Rxd8
Rxc4+ 28. Kb1 Kxd8 29. Qd2+ 1/2-1/2

[Event "Ste-Foy - Polgar"]
[Site "Ste-Foy CAN"]
[Date "2018.05.12"]
[Round "1"]
[White "Tremblay, Charles"]
[Black "Garcia Casillas, Carlos"]
[Result "0-1"]
[WhiteElo "1527"]
[BlackElo "1761"]
[PlyCount "60"]
[EventDate "2018.05.12"]
[EventType "swiss"]
[EventRounds "5"]
[EventCountry "CAN"]

1. c4 e5 2. Nc3 Nf6 3. Nf3 Nc6 4. g3 d5 5. cxd5 Nxd5 6. Bg2 Nb6 7. O-O Be6 8.
a3 f6 9. d3 Qd7 10. b4 O-O-O 11. Re1 h5 12. Ne4 h4 13. Be3 hxg3 14. fxg3 Nd5
15. Bd2 g5 16. Rf1 Bh3 17. Rf2 Bxg2 18. Rxg2 Nd4 19. Nxd4 exd4 20. Qb3 g4 21.
Nc5 Qe7 22. Qa4 a6 23. Rc1 Nc3 24. Bxc3 Qe3+ 25. Kf1 Qxc1+ 26. Be1 Bxc5 27.
bxc5 Qxc5 28. Bb4 Qc1+ 29. Be1 Rh5 30. Qb4 Rb5 0-1

[Event "Ste-Foy - Polgar"]
[Site "Ste-Foy CAN"]
[Date "2018.05.19"]
[Round "2"]
[White "Marois, Remi"]
[Black "Chabot, Michelin"]
[Result "1-0"]
[WhiteElo "1636"]
[BlackElo "1560"]
[PlyCount "57"]
[EventDate "2018.05.12"]
[EventType "swiss"]
[EventRounds "5"]
[EventCountry "CAN"]

1. e4 c5 2. Nf3 Nc6 3. d4 cxd4 4. Nxd4 d6 5. Nc3 a6 6. Bc4 e6 7. Bb3 Be7 8. Be3
Bd7 9. f4 Qc7 10. f5 Nxd4 11. Bxd4 Bf6 12. O-O Bxd4+ 13. Qxd4 Qc5 14. Rad1 Nf6
15. Kh1 Qxd4 16. Rxd4 Ke7 17. fxe6 fxe6 18. Rfd1 Ne8 19. a4 Bc6 20. a5 Rd8 21.
Ba4 Nf6 22. Rc4 Bxa4 23. Nxa4 Ng4 24. Rf1 Ne3 25. Rc7+ Ke8 26. Rff7 Rb8 27.
Rfe7+ Kd8 28. Rcd7+ Kc8 29. Nb6# 1-0

[Event "Ste-Foy - Polgar"]
[Site "Ste-Foy CAN"]
[Date "2018.05.19"]
[Round "2"]
[White "Michaud, Jacques"]
[Black "Cummins, Paul"]
[Result "1/2-1/2"]
[WhiteElo "1523"]
[BlackElo "1764"]
[PlyCount "65"]
[EventDate "2018.05.12"]
[EventType "swiss"]
[EventRounds "5"]
[EventCountry "CAN"]

1. d4 Nf6 2. c4 e6 3. Nc3 Bb4 4. a3 Bxc3+ 5. bxc3 h6 6. Qc2 b6 7. e4 Bb7 8. Bd3
d6 9. Bf4 Nbd7 10. f3 e5 11. Be3 Qe7 12. Ne2 g5 13. Ng3 O-O-O 14. a4 a5 15. Nf5
Qf8 16. Qb3 Ng8 17. Qb5 c6 18. Qb2 c5 19. d5 Kc7 20. g4 Ne7 21. Qa3 Rb8 22. Qb2
Bc8 23. Qb5 Nxf5 24. gxf5 Bb7 25. Rb1 f6 26. Rg1 Qf7 27. Qb2 Rbg8 28. Qg2 h5
29. h3 Ba6 30. Be2 Kb7 31. Kd2 Ka7 32. Qf1 Rb8 33. Qc1 1/2-1/2

[Event "Ste-Foy - Polgar"]
[Site "Ste-Foy CAN"]
[Date "2018.05.19"]
[Round "2"]
[White "Stoyanova, Stela"]
[Black "Gaudreau, Eric"]
[Result "1-0"]
[WhiteElo "1548"]
[BlackElo "1733"]
[PlyCount "57"]
[EventDate "2018.05.12"]
[EventType "swiss"]
[EventRounds "5"]
[EventCountry "CAN"]

1. Nf3 g6 2. d4 Bg7 3. e4 d6 4. Bc4 e6 5. O-O a6 6. Re1 b5 7. Bb3 Bb7 8. c4 Nd7
9. cxb5 axb5 10. Ng5 Qe7 11. Bxe6 fxe6 12. Qb3 d5 13. Qxb5 Rb8 14. Qa5 Bxd4 15.
Qd2 Bf6 16. exd5 Bxd5 17. Nc3 c6 18. Nxd5 Bxg5 19. Nc7+ Kd8 20. Qa5 Kc8 21.
Bxg5 Qb4 22. Qxb4 Rxb4 23. Nxe6 Ngf6 24. Rac1 Kb7 25. Bxf6 Nxf6 26. Nc5+ Kb6
27. Nb3 Ra8 28. Re6 Nd5 29. Rexc6+ 1-0

[Event "Ste-Foy - Polgar"]
[Site "Ste-Foy CAN"]
[Date "2018.05.26"]
[Round "3"]
[White "Cummins, Paul"]
[Black "Chabot, Michelin"]
[Result "1-0"]
[WhiteElo "1764"]
[BlackElo "1560"]
[PlyCount "49"]
[EventDate "2018.05.12"]
[EventType "swiss"]
[EventRounds "5"]
[EventCountry "CAN"]

1. e4 c5 2. Nc3 Nc6 3. Bb5 e6 4. Bxc6 bxc6 5. f4 d6 6. Nf3 Ba6 7. d3 Be7 8. O-O
Nf6 9. Qe1 Qc7 10. Kh1 Rb8 11. b3 O-O 12. Rg1 Nd7 13. g4 Rfe8 14. Bd2 d5 15. e5
Bf8 16. Ne2 Nb6 17. c4 d4 18. Ng3 Nc8 19. Ne4 Rd8 20. Rg3 Bb7 21. Rh3 Qe7 22.
g5 h6 23. gxh6 gxh6 24. Nf6+ Kh8 25. Qe4 1-0

[Event "Ste-Foy - Polgar"]
[Site "Ste-Foy CAN"]
[Date "2018.05.26"]
[Round "3"]
[White "Stoyanova, Stela"]
[Black "Marois, Remi"]
[Result "1-0"]
[WhiteElo "1548"]
[BlackElo "1636"]
[PlyCount "79"]
[EventDate "2018.05.12"]
[EventType "swiss"]
[EventRounds "5"]
[EventCountry "CAN"]

1. c4 Nf6 2. d4 g6 3. Nf3 Bg7 4. Nc3 O-O 5. e4 d6 6. h3 e5 7. dxe5 dxe5 8. Qxd8
Rxd8 9. Bg5 c6 10. Be2 Re8 11. O-O-O Nh5 12. g3 a5 13. Nh4 a4 14. Bxh5 gxh5 15.
Nf5 Bxf5 16. exf5 Na6 17. Rhe1 f6 18. Be3 Bf8 19. Ne4 Kg7 20. a3 Red8 21. Rg1
b5 22. Rxd8 Rxd8 23. g4 hxg4 24. Rxg4+ Kf7 25. cxb5 cxb5 26. Nc3 Rc8 27. Kd2
Rd8+ 28. Ke2 Rc8 29. Rh4 Bxa3 30. bxa3 Rxc3 31. Rxh7+ Kg8 32. Ra7 Nc5 33. Bxc5
Rxc5 34. Kd3 Rc1 35. Ke4 Rc3 36. Kd5 Rxa3 37. Ke6 Rc3 38. Kxf6 Rxh3 39. Kg6 Kf8
40. f6 1-0

[Event "Ste-Foy - Polgar"]
[Site "Ste-Foy CAN"]
[Date "2018.06.02"]
[Round "4"]
[White "Darveau, Michel"]
[Black "Lescarbeau, Martin"]
[Result "0-1"]
[WhiteElo "1419"]
[BlackElo "1688"]
[PlyCount "76"]
[EventDate "2018.05.12"]
[EventType "swiss"]
[EventRounds "5"]
[EventCountry "CAN"]

1. e4 e5 2. Nf3 f5 3. Nxe5 Qf6 4. d4 d6 5. Nc4 fxe4 6. Nc3 Qg6 7. Nd5 Qf7 8.
Nce3 c6 9. Nc3 d5 10. Be2 Nf6 11. a3 Bd6 12. O-O O-O 13. Na2 Be6 14. b3 Nbd7
15. c4 Qg6 16. Bd2 h5 17. Nb4 a5 18. cxd5 cxd5 19. Nbc2 h4 20. Re1 Bh3 21. g3
hxg3 22. fxg3 Bxg3 23. Ng2 Bxg2 24. Kxg2 Bxe1+ 25. Kh1 Bxd2 26. Qxd2 Ng4 27.
Bxg4 Qxg4 28. Ne3 Qf3+ 29. Kg1 Rf6 30. Rf1 Rg6+ 31. Ng2 Rxg2+ 32. Qxg2 Qxg2+
33. Kxg2 Rc8 34. Rb1 Rc2+ 35. Kg3 Nf6 36. b4 a4 37. b5 Rc3+ 38. Kf4 Rxa3 0-1

[Event "Ste-Foy - Polgar"]
[Site "Ste-Foy CAN"]
[Date "2018.06.02"]
[Round "4"]
[White "Marois, Remi"]
[Black "Cummins, Paul"]
[Result "1-0"]
[WhiteElo "1636"]
[BlackElo "1764"]
[PlyCount "83"]
[EventDate "2018.05.12"]
[EventType "swiss"]
[EventRounds "5"]
[EventCountry "CAN"]

1. e4 e5 2. f4 Bc5 3. Nf3 d6 4. Bc4 Nf6 5. Qe2 Bg4 6. h3 Bxf3 7. Qxf3 Nbd7 8.
d3 Qe7 9. Be3 Bxe3 10. Qxe3 exf4 11. Qe2 Ne5 12. Bb3 O-O 13. Nc3 Ng6 14. h4 c6
15. h5 Ne5 16. O-O-O b5 17. Rdf1 a5 18. a4 b4 19. Nd1 Ned7 20. Rxf4 Nc5 21. Nf2
Nxb3+ 22. cxb3 Qe6 23. Qd1 d5 24. Ng4 Nd7 25. Rhf1 dxe4 26. Rxe4 Qd6 27. Rff4
f5 28. Rd4 Qc7 29. Ne3 c5 30. Qc2 Nb6 31. Rxf5 Rxf5 32. Nxf5 Qe5 33. Rd6 Qxf5
34. Rxb6 Re8 35. Kb1 Qxh5 36. Rc6 Re5 37. Qc4+ Kf8 38. Rc8+ Ke7 39. Qa6 Re6 40.
Qb7+ Kf6 41. Rf8+ Kg6 42. Qf7+ 1-0

[Event "Ste-Foy - Polgar"]
[Site "Ste-Foy CAN"]
[Date "2018.06.02"]
[Round "4"]
[White "Michaud, Jacques"]
[Black "Stoyanova, Stela"]
[Result "0-1"]
[WhiteElo "1523"]
[BlackElo "1548"]
[PlyCount "138"]
[EventDate "2018.05.12"]
[EventType "swiss"]
[EventRounds "5"]
[EventCountry "CAN"]

1. Nf3 Nf6 2. c4 Nc6 3. Nc3 e6 4. d4 d5 5. Bg5 Be7 6. e3 h6 7. Bf4 a6 8. Bd3
Nb4 9. O-O Nxd3 10. Qxd3 Bd6 11. Ne5 O-O 12. Rac1 dxc4 13. Qxc4 Nh5 14. Bg3
Nxg3 15. fxg3 Bxe5 16. dxe5 Qg5 17. Qf4 Qxf4 18. exf4 Bd7 19. Rfd1 Bc6 20. Ne2
Rac8 21. Nd4 Bd5 22. g4 c5 23. Nb3 b6 24. f5 a5 25. Nd2 Rfd8 26. b3 b5 27. Nf1
c4 28. Ne3 cxb3 29. Nxd5 exd5 30. axb3 Rxc1 31. Rxc1 Kf8 32. Kf2 Ke7 33. Ke3 g6
34. Kd4 gxf5 35. gxf5 a4 36. bxa4 bxa4 37. Rc7+ Rd7 38. Rc3 Rd8 39. Ra3 Rg8 40.
Kxd5 Rxg2 41. Rxa4 Rd2+ 42. Ke4 Re2+ 43. Kd5 Rd2+ 44. Rd4 Rxh2 45. f6+ Kd7 46.
Ke4+ Kc6 47. Rc4+ Kd7 48. Kd5 Rd2+ 49. Kc5 Ke6 50. Rh4 Rd5+ 51. Kc6 Rxe5 52.
Rxh6 Rf5 53. Rh1 Rxf6 54. Re1+ Kf5+ 55. Kd5 Kg4 56. Rg1+ Kh3 57. Ke4 Rf2 58.
Ke3 Ra2 59. Kf4 Rf2+ 60. Ke3 Rf6 61. Ke2 Rg6 62. Kf2 Rxg1 63. Kxg1 Kg3 64. Kf1
Kf3 65. Kg1 f5 66. Kf1 f4 67. Kg1 Ke2 68. Kh1 f3 69. Kg1 f2+ 0-1

[Event "Ste-Foy - Polgar"]
[Site "Ste-Foy CAN"]
[Date "2018.06.09"]
[Round "5"]
[White "Cummins, Paul"]
[Black "Lescarbeau, Martin"]
[Result "1-0"]
[WhiteElo "1764"]
[BlackElo "1688"]
[PlyCount "55"]
[EventDate "2018.05.12"]
[EventType "swiss"]
[EventRounds "5"]
[EventCountry "CAN"]

1. e4 e5 2. Nf3 Nc6 3. Bc4 Nf6 4. d3 d5 5. exd5 Nxd5 6. h3 Nb6 7. Bb3 Bd6 8. c3
O-O 9. Nbd2 Kh8 10. Ne4 f5 11. Nxd6 cxd6 12. Bd2 e4 13. dxe4 fxe4 14. Bg5 Qd7
15. Nd4 Nxd4 16. Qxd4 Qf5 17. Be3 d5 18. O-O-O Be6 19. g4 Qg6 20. h4 Qf7 21. h5
Qf6 22. h6 Kg8 23. hxg7 Qxg7 24. Qd2 Qf7 25. Bd4 Nd7 26. Rh6 Qe7 27. g5 Bf7 28.
g6 1-0

[Event "Ste-Foy - Polgar"]
[Site "Ste-Foy CAN"]
[Date "2018.06.09"]
[Round "5"]
[White "Michaud, Jacques"]
[Black "Marois, Remi"]
[Result "1-0"]
[WhiteElo "1523"]
[BlackElo "1636"]
[PlyCount "169"]
[EventDate "2018.05.12"]
[EventType "swiss"]
[EventRounds "5"]
[EventCountry "CAN"]

1. d4 Nf6 2. c4 g6 3. Nc3 Bg7 4. e4 O-O 5. Be3 d6 6. f3 Nbd7 7. Qd2 c5 8. Nge2
Re8 9. Nc1 cxd4 10. Bxd4 e6 11. Be2 Nb6 12. Nb3 d5 13. cxd5 exd5 14. e5 Nc4 15.
Bxc4 dxc4 16. Nc5 b6 17. N5e4 Nxe4 18. Nxe4 Bxe5 19. Bxe5 Qxd2+ 20. Kxd2 Rxe5
21. Rhe1 Kg7 22. Kc3 Be6 23. Rad1 b5 24. Nd6 Rxe1 25. Rxe1 a6 26. Rd1 Ra7 27.
f4 Re7 28. a3 Bg4 29. Rd2 Re3+ 30. Kb4 Rb3+ 31. Ka5 Rd3 32. Rxd3 cxd3 33. Ne4
Bc8 34. Kb6 f5 35. Nd2 Kf6 36. Kc7 Be6 37. g3 a5 38. Kb6 a4 39. Kxb5 Bb3 40.
Kb4 Bc2 41. Kc3 g5 42. b3 axb3 43. Nxb3 gxf4 44. gxf4 h5 45. a4 Ke7 46. a5 Kd6
47. Nc1 Bd1 48. Kxd3 Kc5 49. Ne2 h4 50. h3 Ba4 51. Nd4 Bd7 52. Nf3 Kb5 53. Nxh4
Be8 54. Kd4 Bd7 55. Ke5 Kxa5 56. Nxf5 Kb6 57. h4 Be8 58. Kd6 Bg6 59. Ne7 Bf7
60. f5 Kb7 61. f6 Kb8 62. Kd7 Kb7 63. Nf5 Ba2 64. f7 Bxf7 65. Nd6+ Kb6 66. Nxf7
Kc5 67. Ke6 Kd4 68. h5 Ke4 69. h6 Kd4 70. h7 Kc5 71. h8=Q Kc6 72. Qc8+ Kb5 73.
Kd5 Kb4 74. Qc4+ Ka3 75. Kd4 Kb2 76. Qc3+ Kb1 77. Kd3 Ka2 78. Kd2 Kb1 79. Qc2+
Ka1 80. Qa4+ Kb2 81. Ne5 Kb1 82. Qc2+ Ka1 83. Qc3+ Ka2 84. Nd3 Kb1 85. Qb2# 1-0

[Event "Ste-Foy - Polgar"]
[Site "Ste-Foy CAN"]
[Date "2018.06.09"]
[Round "5"]
[White "Stoyanova, Stela"]
[Black "Chabot, Michelin"]
[Result "0-1"]
[WhiteElo "1548"]
[BlackElo "1560"]
[PlyCount "110"]
[EventDate "2018.05.12"]
[EventType "swiss"]
[EventRounds "5"]
[EventCountry "CAN"]

1. Nf3 c5 2. c4 Nc6 3. Nc3 e6 4. g3 a6 5. Bg2 Qc7 6. O-O d6 7. d4 cxd4 8. Nxd4
Bd7 9. Be3 Nf6 10. h3 Be7 11. Rc1 O-O 12. Ne4 Nxe4 13. Bxe4 Nxd4 14. Bxd4 e5
15. Be3 Bxh3 16. Qd2 Bxf1 17. Kxf1 Rac8 18. Kg2 Rfd8 19. Rh1 g6 20. Bd5 Rd7 21.
Bh6 Qd8 22. Bxf7+ Kxf7 23. Qd5+ Kf6 24. Qf3+ Ke6 25. Qg4+ Kf7 26. Qf3+ Kg8 27.
Qd5+ Kh8 28. Qf7 Qg8 29. Qf3 Rf8 30. Qg4 Rfd8 31. Qe4 Qf7 32. Rf1 Bf6 33. f4 d5
34. Qc2 dxc4 35. fxe5 Qd5+ 36. e4 Qxe5 37. Qxc4 Rc7 38. Qa4 Qxb2+ 39. Kh3 Qc3
40. Rd1 Rdc8 41. Bf4 Qc4 42. Qxc4 Rxc4 43. e5 Be7 44. Rd7 R4c7 45. Rd3 Rd8 46.
Rf3 Rc2 47. Bh6 Kg8 48. Rb3 Re2 49. Rxb7 Rxe5 50. Bf4 Rh5+ 51. Kg2 Bf8 52. Ra7
Ra5 53. a4 Rxa4 54. Bc7 Rd2+ 55. Kh3 Rd7 0-1

[Event "Ste-Foy - Tal"]
[Site "Ste-Foy CAN"]
[Date "2018.11.24"]
[Round "1"]
[White "Chouinard, Etienne"]
[Black "Desbiens, Raphael"]
[Result "0-1"]
[WhiteElo "1880"]
[BlackElo "2155"]
[PlyCount "56"]
[EventDate "2018.11.24"]
[EventType "swiss"]
[EventRounds "4"]
[EventCountry "CAN"]

1. e4 e5 2. f4 exf4 3. Nf3 g5 4. Bc4 g4 5. O-O gxf3 6. Bxf7+ Kxf7 7. Qxf3 Bh6
8. d4 Nf6 9. e5 Rf8 10. Bxf4 Bxf4 11. Qxf4 d5 12. Qh6 Kg8 13. exf6 Rf7 14. Nc3
c6 15. Rf3 Qf8 16. Qh4 Nd7 17. Raf1 Qd6 18. Qh6 Kh8 19. g4 Nf8 20. Rh3 Bd7 21.
Rh4 Re8 22. g5 Kg8 23. Rhf4 Ng6 24. R4f2 Qe6 25. Ne2 Qh3 26. Rg2 Qxh6 27. gxh6
Bh3 28. Rxg6+ hxg6 0-1

[Event "Ste-Foy - Tal"]
[Site "Ste-Foy CAN"]
[Date "2018.11.24"]
[Round "1"]
[White "Fecteau, Martin"]
[Black "Sarra-Bournet, Marc"]
[Result "1-0"]
[WhiteElo "1912"]
[BlackElo "1817"]
[PlyCount "113"]
[EventDate "2018.11.24"]
[EventType "swiss"]
[EventRounds "4"]
[EventCountry "CAN"]

1. d4 d5 2. c4 e6 3. g3 dxc4 4. Bg2 Nf6 5. Qa4+ Bd7 6. Qxc4 Bc6 7. Nf3 Be7 8.
O-O O-O 9. Nc3 Nbd7 10. Bf4 Nb6 11. Qb3 Nfd5 12. Bd2 Nxc3 13. bxc3 Ba4 14. Qb1
Rb8 15. Ne5 c5 16. Qe4 Nd5 17. dxc5 Bf6 18. Qxa4 Bxe5 19. Rac1 a6 20. c4 Nf6
21. Ba5 Qe7 22. c6 bxc6 23. Bxc6 Rfc8 24. Bf3 Qc5 25. a3 Bb2 26. Bb4 Qe5 27.
Rc2 Bd4 28. Qxa6 Qf5 29. Qa4 e5 30. c5 e4 31. Bg2 Qd5 32. Rcc1 Bb2 33. Rb1 Ra8
34. Qd1 Qxd1 35. Rfxd1 Bxa3 36. Bxa3 Rxa3 37. Rdc1 Kf8 38. Bh3 Rc7 39. Rb4 e3
40. c6 Nd5 41. Rbc4 exf2+ 42. Kxf2 g6 43. Rc5 Ne3 44. Re5 Nf5 45. Bxf5 gxf5 46.
Rxf5 Ra6 47. Rfc5 f6 48. Kf3 Ke7 49. Kf4 Ra2 50. R1c2 Raa7 51. e4 Ke6 52. Rd5
Ra6 53. Rh5 Raa7 54. g4 Rg7 55. h4 Rac7 56. e5 fxe5+ 57. Rxe5+ 1-0

[Event "Ste-Foy - Tal"]
[Site "Ste-Foy CAN"]
[Date "2018.11.24"]
[Round "1"]
[White "Sauve, Richard"]
[Black "Gingras, Philippe"]
[Result "0-1"]
[WhiteElo "1823"]
[BlackElo "1927"]
[PlyCount "144"]
[EventDate "2018.11.24"]
[EventType "swiss"]
[EventRounds "4"]
[EventCountry "CAN"]

1. d4 Nf6 2. c4 c5 3. d5 b5 4. cxb5 a6 5. bxa6 Bxa6 6. Nc3 g6 7. e4 Bxf1 8.
Kxf1 d6 9. Nf3 Nbd7 10. g3 Bg7 11. Kg2 O-O 12. Re1 Ng4 13. Qe2 Nge5 14. Nxe5
Nxe5 15. f4 Nd7 16. a4 Qb6 17. Be3 Qb4 18. Qc2 c4 19. Red1 Nc5 20. Bxc5 Qxc5
21. Rdc1 Rfc8 22. Qe2 Qb4 23. Qc2 Rcb8 24. Ra2 h5 25. Rd1 Rc8 26. Ne2 Qb3 27.
Qxb3 cxb3 28. Ra3 Rc2 29. Kf3 Rxb2 30. Nd4 Bxd4 31. Rxd4 Rb1 32. Rb4 b2 33.
Rab3 Rf1+ 34. Kg2 b1=Q 35. Rxb1 Rxb1 36. Rxb1 Rxa4 37. Re1 Ra2+ 38. Kh3 Rd2 39.
Ra1 Rd4 40. Re1 Rd2 41. Ra1 f6 42. Ra4 Kg7 43. Ra7 Kf7 44. Ra4 g5 45. fxg5 fxg5
46. g4 Rd3+ 47. Kg2 h4 48. h3 Re3 49. Rb4 Kf6 50. Ra4 Ke5 51. Ra7 Rxe4 52.
Rxe7+ Kxd5 53. Rg7 Re5 54. Kf3 Kd4 55. Ra7 Re3+ 56. Kg2 Rg3+ 57. Kh2 Re3 58.
Ra4+ Kd3 59. Ra3+ Ke2 60. Ra5 Re5 61. Ra2+ Kd3 62. Ra3+ Kc4 63. Ra8 d5 64. Kg2
d4 65. Kf2 d3 66. Rd8 Kc3 67. Rc8+ Kb2 68. Rd8 Kc2 69. Rc8+ Kd1 70. Ra8 d2 71.
Rc8 Re2+ 72. Kg1 Ke1 0-1

[Event "Ste-Foy - Tal"]
[Site "Ste-Foy CAN"]
[Date "2018.12.01"]
[Round "2"]
[White "Chabot, Michelin"]
[Black "Fecteau, Martin"]
[Result "0-1"]
[WhiteElo "1569"]
[BlackElo "1912"]
[PlyCount "120"]
[EventDate "2018.11.24"]
[EventType "swiss"]
[EventRounds "4"]
[EventCountry "CAN"]

1. d4 d5 2. c4 c6 3. Nc3 Nf6 4. Nf3 e6 5. Bg5 Nbd7 6. e3 Qa5 7. Bxf6 Nxf6 8.
cxd5 exd5 9. a3 Bd6 10. Bd3 O-O 11. h3 Ne4 12. Rc1 f5 13. O-O Qd8 14. Ne2 Qf6
15. Nd2 Qh6 16. f4 Nxd2 17. Qxd2 Qe6 18. Rfe1 Bd7 19. Kh1 Be8 20. Ng1 Bh5 21.
Be2 Bxe2 22. Rxe2 Rae8 23. Rce1 Be7 24. Nf3 Bf6 25. b4 Qe7 26. g3 a6 27. Qc2 g6
28. Kg2 Bg7 29. h4 Qd7 30. Kf2 Bf6 31. Rh1 h5 32. Rd1 Re4 33. Qb3 Kg7 34. Nd2
Re7 35. Qd3 Qc8 36. Rc1 Rc7 37. Nb3 Be7 38. Rec2 Bd6 39. Nc5 Bxc5 40. Rxc5 Re8
41. a4 b6 42. R5c3 Ree7 43. Qc2 Qe8 44. Re1 Re6 45. b5 axb5 46. axb5 Qa8 47.
Qb2 Ra7 48. Re2 cxb5 49. Qxb5 Rae7 50. Qb3 Qb7 51. Rb2 Qd7 52. Qc2 Qe8 53. Qe2
Qa4 54. Qd2 Qa5 55. Qc1 Qa7 56. Rb5 Qd7 57. Rcb3 Rc6 58. Qb1 Qe6 59. Qa2 Qe4
60. Rc5 bxc5 0-1

[Event "Ste-Foy - Tal"]
[Site "Ste-Foy CAN"]
[Date "2018.12.01"]
[Round "2"]
[White "Darveau, Michel"]
[Black "Sauve, Richard"]
[Result "0-1"]
[WhiteElo "1408"]
[BlackElo "1823"]
[PlyCount "86"]
[EventDate "2018.11.24"]
[EventType "swiss"]
[EventRounds "4"]
[EventCountry "CAN"]

1. e4 Nf6 2. Nc3 e5 3. Nf3 Nc6 4. d4 exd4 5. Nxd4 Bc5 6. Be3 Bxd4 7. Bxd4 d6 8.
Bc4 O-O 9. O-O Nxd4 10. Qxd4 Bd7 11. Rad1 Qe7 12. Rfe1 Rfe8 13. Nd5 Nxd5 14.
Bxd5 Bc6 15. f3 Qd7 16. c4 a6 17. e5 Rxe5 18. Rxe5 dxe5 19. Qxe5 Re8 20. Qc3 h6
21. Kf2 Qe7 22. Re1 Qh4+ 23. Kf1 Rxe1+ 24. Qxe1 Qxh2 25. Bxc6 Qh1+ 26. Kf2
Qxe1+ 27. Kxe1 bxc6 28. Kd2 Kf8 29. c5 Ke7 30. Kc3 Ke6 31. b4 h5 32. Kb3 Kd7
33. Kc4 g5 34. Kd4 Ke6 35. a4 h4 36. Kc4 f5 37. b5 cxb5+ 38. axb5 axb5+ 39.
Kxb5 Kd7 40. Kc4 g4 41. Kd4 gxf3 42. Ke3 fxg2 43. Kf2 h3 0-1

[Event "Ste-Foy - Tal"]
[Site "Ste-Foy CAN"]
[Date "2018.12.01"]
[Round "2"]
[White "Desbiens, Raphael"]
[Black "Labrecque, Rejean"]
[Result "1-0"]
[WhiteElo "2155"]
[BlackElo "1806"]
[PlyCount "111"]
[EventDate "2018.11.24"]
[EventType "swiss"]
[EventRounds "4"]
[EventCountry "CAN"]

1. e4 c5 2. Nf3 d6 3. Bb5+ Bd7 4. Bxd7+ Nxd7 5. O-O g6 6. c3 Bg7 7. d4 cxd4 8.
cxd4 Ngf6 9. Nc3 O-O 10. h3 Nb6 11. b3 Rc8 12. Bb2 a6 13. Qe2 Qc7 14. Rac1 Qb8
15. d5 Nbd7 16. g4 e5 17. Qe3 b5 18. Ne2 Rc5 19. Rfd1 Rfc8 20. Ne1 Rxc1 21.
Rxc1 Rxc1 22. Bxc1 Qc7 23. f3 Qc5 24. Kf2 Kf8 25. Nd3 Qxe3+ 26. Bxe3 Ne8 27.
Nc3 Nc7 28. a4 Bf6 29. a5 Ke8 30. Nb4 Nc5 31. Bxc5 dxc5 32. d6 cxb4 33. dxc7
Kd7 34. Nd5 Bh4+ 35. Ke2 h6 36. Nxb4 Kxc7 37. Nxa6+ Kc6 38. Nb4+ Kb7 39. Nd3
Bf6 40. Nc5+ Ka7 41. Kd2 Be7 42. b4 Bd6 43. g5 hxg5 44. Kc3 Kb8 45. Nd7+ Kb7
46. Nf6 Bc7 47. Ng8 Bd8 48. Nh6 f6 49. Nf7 Bc7 50. Nh8 Kc6 51. Nxg6 Kd6 52. h4
Ke6 53. hxg5 fxg5 54. Nf8+ Kf7 55. Nd7 Ke7 56. a6 1-0

[Event "Ste-Foy - Tal"]
[Site "Ste-Foy CAN"]
[Date "2018.12.01"]
[Round "2"]
[White "Gingras, Philippe"]
[Black "Foucreault, Laurent"]
[Result "1-0"]
[WhiteElo "1927"]
[BlackElo "1556"]
[PlyCount "67"]
[EventDate "2018.11.24"]
[EventType "swiss"]
[EventRounds "4"]
[EventCountry "CAN"]

1. d4 Nf6 2. Bg5 Ne4 3. Bf4 d5 4. e3 Nc6 5. Bd3 e6 6. Bxe4 dxe4 7. Nd2 Bd6 8.
Bxd6 cxd6 9. Nxe4 d5 10. Nc5 b6 11. Nd3 Ba6 12. Nf3 O-O 13. O-O Rc8 14. Re1 f5
15. Nde5 Nxe5 16. Nxe5 Rf6 17. f4 Rc7 18. c3 Rh6 19. Qa4 Bc8 20. Qb4 g5 21.
fxg5 Qxg5 22. Qd6 Rg7 23. Re2 Qh4 24. Nf3 Qe7 25. Qxe7 Rxe7 26. Ne5 Rg7 27. a4
Rh5 28. a5 b5 29. a6 Rhg5 30. Ra5 h5 31. Rc2 h4 32. Rxb5 Bxa6 33. Rb8+ Kh7 34.
Re8 1-0

[Event "Ste-Foy - Tal"]
[Site "Ste-Foy CAN"]
[Date "2018.12.01"]
[Round "2"]
[White "Poliquin, Yvon"]
[Black "Rees, Thomas"]
[Result "1/2-1/2"]
[WhiteElo "1892"]
[BlackElo "1647"]
[PlyCount "62"]
[EventDate "2018.11.24"]
[EventType "swiss"]
[EventRounds "4"]
[EventCountry "CAN"]

1. e4 e5 2. Bc4 Nf6 3. d3 Nc6 4. Nf3 h6 5. c3 Bc5 6. b4 Bd6 7. h3 a6 8. a4 O-O
9. O-O Re8 10. Qb3 Rf8 11. Re1 Be7 12. Na3 d6 13. Nc2 Nd7 14. a5 b5 15. Bd5 Bb7
16. Ne3 Nf6 17. d4 exd4 18. cxd4 Nxd5 19. exd5 Nb8 20. Nf5 Bf6 21. Bf4 Nd7 22.
Rac1 Rc8 23. Re3 Re8 24. Rec3 Nf8 25. Kf1 Qd7 26. Ne3 Ng6 27. Bg3 Bd8 28. Qc2
Ne7 29. Qb3 Nf5 30. Bh2 Ne7 31. Kg1 Nf5 1/2-1/2

[Event "Ste-Foy - Tal"]
[Site "Ste-Foy CAN"]
[Date "2018.12.08"]
[Round "3"]
[White "Chouinard, Etienne"]
[Black "Dube, Daniel"]
[Result "1/2-1/2"]
[WhiteElo "1880"]
[BlackElo "1856"]
[PlyCount "82"]
[EventDate "2018.11.24"]
[EventType "swiss"]
[EventRounds "4"]
[EventCountry "CAN"]

1. e4 Nf6 2. Nc3 d5 3. e5 Nfd7 4. d4 c5 5. Be3 e6 6. f4 cxd4 7. Bxd4 Nc6 8. Nf3
Nxd4 9. Nxd4 Bc5 10. Nb3 Bb4 11. Qd4 Qb6 12. Qxb6 Bxc3+ 13. bxc3 Nxb6 14. Bb5+
Bd7 15. Bxd7+ Nxd7 16. Kd2 b6 17. Rae1 Rc8 18. Rhf1 g6 19. g4 h5 20. g5 Nc5 21.
Nxc5 Rxc5 22. Rb1 Ke7 23. Rb4 Rhc8 24. Rf3 R8c6 25. Rd3 Rc4 26. Rxc4 Rxc4 27.
Rd4 Kd7 28. Kd3 b5 29. Rxc4 bxc4+ 30. Kd4 Kc6 31. a4 Kb6 32. h4 Ka5 33. Kc5
Kxa4 34. Kd6 a5 35. Ke7 Kb5 36. Kxf7 a4 37. f5 gxf5 38. g6 a3 39. g7 a2 40.
g8=Q a1=Q 41. Qb8+ Kc6 1/2-1/2

[Event "Ste-Foy - Tal"]
[Site "Ste-Foy CAN"]
[Date "2018.12.08"]
[Round "3"]
[White "Fecteau, Martin"]
[Black "Desbiens, Raphael"]
[Result "1-0"]
[WhiteElo "1912"]
[BlackElo "2155"]
[PlyCount "91"]
[EventDate "2018.11.24"]
[EventType "swiss"]
[EventRounds "4"]
[EventCountry "CAN"]

1. d4 Nf6 2. c4 g6 3. g3 c6 4. Bg2 d5 5. Nf3 Bg7 6. O-O O-O 7. Nbd2 Bf5 8. Nh4
Be6 9. c5 b6 10. Nb3 Nbd7 11. Qc2 bxc5 12. dxc5 Ne8 13. Be3 Ne5 14. Bd4 f5 15.
Nf3 Nc4 16. Bxg7 Nxg7 17. Nbd4 Qc7 18. b3 Na5 19. Ng5 Bd7 20. f4 e5 21. fxe5
Qxe5 22. Ngf3 Qe3+ 23. Kh1 f4 24. Qd2 Qxd2 25. Nxd2 fxg3 26. hxg3 Nb7 27. b4
Nf5 28. Nxf5 Bxf5 29. e4 dxe4 30. Nxe4 Rae8 31. Rae1 Kg7 32. Kg1 h5 33. Nd6
Nxd6 34. cxd6 Bd7 35. Rc1 Rxf1+ 36. Kxf1 Rc8 37. Re1 Re8 38. Rxe8 Bxe8 39. Bh3
Kf6 40. d7 Ke7 41. dxe8=Q+ Kxe8 42. Ke2 Ke7 43. Kd3 Kd6 44. Kd4 g5 45. Bg2 g4
46. a4 1-0